Anales del Instituto de Profesores "Artigas" (Record no. 59360)
[ view plain ]
| 000 -CABECERA | |
|---|---|
| campo de control de longitud fija | 00731cas a2200217 a 4500 |
| 003 - IDENTIFICADOR DEL NÚMERO DE CONTROL | |
| campo de control | DLC |
| 005 - FECHA Y HORA DE LA ÚLTIMA TRANSACCIÓN | |
| campo de control | 20250625081921.0 |
| 008 - ELEMENTOS DE LONGITUD FIJA--INFORMACIÓN GENERAL | |
| campo de control de longitud fija | 991125c1956 uy|ar p r 000 0 spa d |
| 035 ## - NÚMERO DE CONTROL DEL SISTEMA | |
| Número de control de sistema | UPN01000059368 |
| 040 ## - FUENTE DE LA CATALOGACIÓN | |
| Centro catalogador/agencia de origen | MX-MxUPN |
| Lengua de catalogación | spa |
| Centro/agencia transcriptor | MX-MxUPN |
| Normas de descripción | aacr2 |
| 049 ## - COLECCIÓN | |
| Colección | Acervo histórico |
| 245 10 - MENCIÓN DE TÍTULO | |
| Título | Anales del Instituto de Profesores "Artigas" |
| 260 ## - PUBLICACIÓN, DISTRIBUCIÓN, ETC. | |
| Lugar de publicación, distribución, etc. | Uruguay : |
| Nombre del editor, distribuidor, etc. | Instituto de Profesores “Artigas”, |
| Fecha de publicación, distribución, etc. | 1956- |
| 310 ## - FRECUENCIA ACTUAL DE LA PUBLICACION | |
| Periodicidad actual | Anual |
| 520 3# - NOTA DE RESUMEN, ETC. | |
| Sumario, etc. | Es una publicación cuyo objetivo es efectuar la publicidad de estudios e investigaciones relacionadas con la enseñanza media. |
| 650 #7 - ASIENTO SECUNDARIO DE MATERIA - TERMINO TEMATICO | |
| Término de materia o nombre geográfico como elemento de entrada | Educación media superior |
| 9 (RLIN) | 2253 |
| 902 ## - ELEMENTOS DE DATOS B LOCAL, LDB (RLIN) | |
| Creó | Gloria Jiménez/190625 |
| 904 ## - ELEMENTOS DE DATOS D LOCAL, LDD (RLIN) | |
| a | AC |
| b | 000100 |
| 905 ## - TIPO DE MATERIAL | |
| Tipo de material | Revista |
| 942 ## - ELEMENTOS DE PUNTO DE ACCESO ADICIONAL (KOHA) | |
| Tipo de ítem Koha | Revista Encuadernada de Fondo Reservado |
| Estado de retiro | Estado de pérdida | Estado dañado | No para préstamo | Código de colección | Localización permanente | Ubicación/localización actual | Ubicación en estantería | Fecha de adquisición | Enumeración/cronología de publicación seriada | Total de préstamos | Fecha visto por última vez | Precio válido a partir de | Tipo de ítem Koha |
|---|---|---|---|---|---|---|---|---|---|---|---|---|---|
| Revistas | Bib. Gregorio Torres Quintero | Bib. Gregorio Torres Quintero | Hemeroteca Sótano | 19/06/2025 | 1958 Vol. 3 | 19/06/2025 | 19/06/2025 | Revista Encuadernada de Fondo Reservado | |||||
| Revistas | Bib. Gregorio Torres Quintero | Bib. Gregorio Torres Quintero | Hemeroteca Sótano | 19/06/2025 | 1959-60 Vols. 5-6 | 19/06/2025 | 19/06/2025 | Revista Encuadernada de Fondo Reservado | |||||
| Revistas | Bib. Gregorio Torres Quintero | Bib. Gregorio Torres Quintero | Hemeroteca Sótano | 19/06/2025 | 1961 Vol. 6 | 19/06/2025 | 19/06/2025 | Revista Encuadernada de Fondo Reservado | |||||
| Revistas | Bib. Gregorio Torres Quintero | Bib. Gregorio Torres Quintero | Hemeroteca Sótano | 19/06/2025 | 2006 Vol. 1 | 19/06/2025 | 19/06/2025 | Revista Encuadernada de Fondo Reservado |
